000 01085nam a2200277Ia 4500
003 OSt
005 20221005103516.0
006 a|||||r|||| 00| 0
007 ta
008 221004b |||||||| |||| 00| 0 hin d
020 _a8131602737 (pbk)
_c250
024 _a16896
037 _bCBS/248, 28/01/2015, Classic Book Service
_cTextual
040 _aCRL
_cCRL
_bhin
041 _2hin
_ahin
082 _aYv2, 152P9
100 _aशाह, घनश्याम
245 0 _aभारत में सामाजिक आंदोलन
246 _aBhārat mean sāmājik āandolana
260 _aजयपुर
_bरावत पब्लिकेशन्स भारत
_c2009
300 _a258पृ0
_ccm.
650 _aभारतीय-लोक साहित्य
700 _a रावत, हरि कृष्ण, अनु.
_9623680
942 _hYv2, 152P9
_cTEXL
_2cc
999 _c1010240
_d1010240